Những phương pháp toán học trong lý thuyết độ tin cậy

Saved in:
Bibliographic Details
Main Author: Gnedenko B.V.
Other Authors: IU.K.Beliaev Xoloviev A.D (Tác giả)
Format: Book
Language:Vietnamese
Published: H. Khoa học và kỹ thuật 1981
Subjects:
Tags: Add Tag
No Tags, Be the first to tag this record!
Institutions: Mạng thư viện Đại học Đà Nẵng
LEADER 01107nam a2200337 4500
001 000013353
003 9693
005 20120314090357.0
008 120314s1981 viesd
020 |c 55đ 
041 0 |a vie 
082 |a 519.2  |b GN-B 
100 0 |a Gnedenko B.V. 
245 0 |a Những phương pháp toán học trong lý thuyết độ tin cậy  |c B.V. Gnedenko, Iu. K. Beliaev, A.D. Xoloviev 
260 |a H.  |b Khoa học và kỹ thuật  |c 1981 
300 |a 431 tr.  |c 27 cm 
653 |a Phương pháp 
653 |a Toán học 
653 |a Lý thuyết 
700 |a IU.K.Beliaev  |a Xoloviev A.D  |e Tác giả 
910 |a duyên 
OWN |a LSP 
AVA |a UDN50  |b LSP  |d 519.2 GN-B  |e available  |t Error 5001 Not defined in file expand_doc_bib_avail.  |f 3  |g 0  |h N  |i 0  |k 1 
999 |a From the UDN01 
AVA |a UDN50  |b LSP  |d 519.2 GN-B  |e available  |t Error 5001 Not defined in file expand_doc_bib_avail.  |f 3  |g 0  |h N  |i 0  |k 1 
TYP |a Monograph 
TYP |a Printed language 
980 |a Mạng thư viện Đại học Đà Nẵng